Serie A-B-C 2025-2026 - Statistics

Statistiche generali
  • Questo quiz è stato fatto 191 volte
  • Il punteggio medio è 70 su 100
Statistiche sulle risposte
% Corretto
Inter
100%
Inter U23
100%
Atalanta
99%
Atalanta U23
99%
Juventus
99%
Juventus U23
99%
Milan
99%
Napoli
99%
Roma
98%
Como
97%
Udinese
97%
Bologna
96%
Hellas Verona
96%
Lazio
96%
Genoa
95%
Lecce
95%
Sassuolo
95%
Torino
95%
Fiorentina
94%
Cagliari
93%
Palermo
93%
Pisa
93%
Venezia
93%
Bari
91%
Parma
91%
Sampdoria
90%
Catanzaro
89%
Cremonese
89%
Pescara
89%
Monza
88%
Avellino
87%
Union Brescia
86%
Catania
85%
Salernitana
85%
Frosinone
84%
Empoli
82%
Modena
82%
Spezia
82%
Sudtirol
82%
Benevento
81%
Reggiana
81%
Padova
79%
Virtus Verona
79%
Ascoli
77%
Cesena
77%
Vicenza
77%
Crotone
76%
Foggia
76%
Juve Stabia
76%
Mantova
76%
Ternana
75%
Perugia
74%
Virtus Entella
74%
Carrarese
72%
Arezzo
71%
Cosenza
69%
Livorno
68%
Triestina
68%
Lecco
67%
Latina
65%
Trento
65%
Ravenna
64%
Pro Vercelli
63%
Trapani
61%
Casertana
60%
Novara
60%
Rimini
60%
Potenza
58%
Cittadella
56%
Campobasso
54%
Alcione Milano
53%
Albinoleffe
51%
Siracusa
49%
Vis Pesaro
49%
Carpi
48%
Pro Patria
48%
Torres
47%
Forlì
46%
Audace Cerignola
44%
Bra
43%
Sambenedettese
43%
Dolomiti Bellunesi
41%
Gubbio
41%
Lumezzane
40%
Monopoli
40%
Pineto
40%
Renate
40%
AZ Picerno
39%
Casarano
39%
Cavese
38%
Giana Erminio
38%
Sorrento
36%
Giugliano
35%
Pianese
35%
Ospitaletto
34%
Pontedera
34%
Pergolettese
33%
Arzignano Valchiampo
32%
Team Altamura
32%
Guidonia Montecelio
28%
Nessun quiz corrispondente trovato
Distribuzione punteggi
Percentuale di utenti per punteggio
Percentile per numero di risposta
I tuoi punteggi nel tempo
Non hai fatto questo quiz